00729cam a2200217 4500008004100000130002600041245006400067260004500131300002900176490003400205500006900239504004100308650002500349650002200374650001600396700002200412830005000434003000100484005001700485040000900502 00aArchitectural record.10aReligious buildings for today /cedited by John Knox Shear.0 a[New York] :bF. W. Dodge Corp.,cc1957. a183 p. :bill. ;c20 cm.1 aAn Architectural record book. aArticles previously published in issues of Architectural record. aIncludes bibliographical references. 0aChurch architecture. 0aChurch buildings. 0aSynagogues.10aShear, John Knox. 0aArchitectural record book (F. W. Dodge Corp.)20230123134152.0 cNUST